01850nam a2200241Ia 4500001000600000003000900006008004100015040001300056040001300069041001300082100001900095100002900114245003400143245003400177250001100211260001000222260001600232260004900248300004300297500121200340650002501552650003101577D4351IT-RoPAU130308s9999 xx 000 0 und d aIT-RoPAU cIT-RoPAU aFRANCESE aPavè Francis gCodice Aut. SPICS: 44602 aIllusion informaticienne (L') bIllusion informaticienne (L') a1a ed. aPARIS bL'Harmattan c1989 [1° Ed.:1989 - Ed.Ling.Originale:1989] a"272 p. (prefazione: no ; testo: 272)" aIllusione dell'Informatica. Prefazione di Michel Crozier. informatica di Processo: Laboratorio di Composizione, Empirismo contro Computer, Macchine Incompiute. Sapin: Seguito degli Atelier o Laboratori di Produzione Informatizzata, Storia Dello Stabilimento e delle Istallazioni, Teoria del funzionamento del Seguito Automatizzato dei Comandi, Pratiche: funzionamento dei Laboratori, Pratica della Teoria. business e Katangais. business Come canale Informatico e l'elaborazione del budget Nello Stabilimento, Centralizzazione Integratrice. Gitam (Gestione Informatizzata della scelta e della Spedizione delle Merci): Concezione del Sistema, Atteggiamento degli Operatori, Sistema di Azione della Scelta. Gitam Nei maggiori Stati: Incidenza della Politica di concentrazione del Traffico, Complessità Dello Spazio Tempo, Razionalità Tecnica al Servizio della Resistenza. Iperfunzionalismo cibernetico e Sue Insufficienze: informatica Non Determina strutture Organizzative, Logica Dello Strumento e Sue Conseguenze, Riuscita di un canale Informatico Tende Alla riorganizzazione dei circuiti d'informazione Secondo Il Modello Cibernetico?, Trasparenza Sociale o Negoziato, Fondamenti dell'Azione Collettiva. aSAGGI DI INFORMATICA eCodice materia Spics: 4207